[Event "Vasteras Open 2018"]
[Site "Vasteras"]
[Date "2018.09.28"]
[Round "1"]
[White "Solodovnichenko, Yuri"]
[Black "Larsson, Ingemar"]
[Result "1-0"]
[WhiteElo "2554"]
[BlackElo "1961"]
[Annotator "TA"]
[PlyCount "35"]
[EventDate "2018.09.28"]
[EventCountry "SWE"]
[SourceTitle "playchess.com"]
[Source "ChessBase"]
[SourceQuality "1"]

{[%evp 22,35,59,48,63,53,62,56,51,47,48,61,78,86,857,860]} 1. e4 d5 2. exd5 Qxd5 3. Nc3 Qa5 4. d4 Nf6 5. Bd2 c6 6. Nf3 Bf5 7. Bc4 e6 8. Nd5 Qd8 9. Nxf6+ gxf6 10. Qe2 Nd7 {B01: Scandinavian Defence} (10... Bxc2 11. O-O Bg6 12. Rfe1 Qd7 13. Rad1 b5 14. Bb3 Na6 15. d5 cxd5 16. Bc3 Be4 17. Bxf6 Rg8 18. Ng5 {1-0 (26) Negi,P (2638)-Van Wely,L (2691) Leon 2012}) 11. O-O-O Nb6 12. Bb3 {LiveBook: 3 Games} Qc7 {White is slightly better.} 13. Nh4 Bg6 $1 14. f4 {Threatens to win with f5.} O-O-O $146 {[#]} ({Predecessor:} 14... f5 15. Nxg6 hxg6 16. Bxe6 Qe7 17. Bc4 Qxe2 18. Bxe2 {1-0 (55) Derakhshani,D (2169)-Jogvansson,H (1944) Helsingor 2014}) 15. f5 $1 {[%mdl 512]} exf5 16. Qf3 Rxd4 17. Nxf5 Rd8 $2 {[%mdl 8192]} (17... Rd7 $16) 18. Bf4 1-0

[Event "Vasteras Open 2018"]
[Site "Vasteras"]
[Date "2018.09.28"]
[Round "1"]
[White "Miezis, Normunds"]
[Black "Fuentes, Ruben"]
[Result "1-0"]
[WhiteElo "2470"]
[BlackElo "1955"]
[Annotator "TA"]
[PlyCount "77"]
[EventDate "2018.09.28"]
[EventCountry "SWE"]
[SourceTitle "playchess.com"]
[Source "ChessBase"]
[SourceQuality "1"]

{[%evp 10,77,-7,-4,11,-2,7,-13,18,-18,125,126,129,129,134,133,137,81,117,104,121,66,110,110,122,120,226,228,229,220,229,220,227,230,229,210,222,185,184,169,286,288,299,285,348,348,436,416,1078,1068,1601,1591,1493,1387,2760,2204,6213,6050,7035,7300,29981,29982,29982,29983,29983,29984,29984,29985,29985,29986]} 1. c4 e5 2. Nc3 Bb4 3. g3 Bxc3 4. dxc3 d6 5. Bg2 Ne7 6. Nf3 {LiveBook: 36 Games. A21: English Opening: 1...e5 2 Nc3} (6. h4 Nbc6 7. b3 Be6 8. h5 h6 9. e4 Qd7 10. f4 f5 11. g4 fxe4 12. f5 Bf7 13. Bxe4 O-O-O 14. Bd5 Nxd5 15. cxd5 Ne7 16. c4 c6 17. Be3 cxd5 18. Bxa7 d4 19. Rh2 Qc7 {0-1 (19) El Adnani,M (2448)-Moiseenko,A (2667) Riadh 2017}) 6... O-O 7. O-O Nd7 8. b3 {The position is equal.} f5 $146 ({Predecessor:} 8... Rb8 9. a4 a5 10. b4 b6 11. Ba3 Bb7 12. Qc2 h6 13. Rfd1 Qe8 {1-0 (50) Organdziev,O (2309)-Stanojevic,I (2119) Nis 2016}) 9. Ba3 (9. e4 $5) 9... Nf6 {[#]} (9... Ng6 $11 {remains equal.}) 10. Nxe5 $1 $16 {[%mdl 512]} dxe5 11. Qxd8 Rxd8 12. Bxe7 Re8 13. Ba3 (13. Bxf6 $142 gxf6 14. Rad1) 13... e4 14. Rfd1 $36 {[%mdl 2048] White is on the roll.} Be6 15. Rd4 (15. Bc1 $16) 15... Rad8 16. Rad1 Rd7 17. f3 Red8 (17... Kf7 $16 18. fxe4 Rxd4 19. cxd4 Nxe4 20. Bxe4 fxe4 21. Rf1+ Kg6) 18. Be7 $1 $18 {[%cal Re7d8]} Rxd4 19. cxd4 {[%cal Bc3d4,Bd4d5][%mdl 32]} Re8 20. Bxf6 $1 gxf6 {[%mdl 4096] Endgame KRB-KRB} 21. d5 Bd7 22. Kf2 Kf7 23. fxe4 fxe4 24. Ke3 Re5 (24... f5 {might work better.} 25. Rf1 Kg6) 25. Rf1 Ke7 26. Kd4 Bf5 27. Rf4 b6 28. Bxe4 Bg6 (28... Bd7 $142 29. Bxh7 Rxe2 30. Re4+ Rxe4+ 31. Kxe4 Bg4) 29. Bxg6 hxg6 30. Re4 Rxe4+ 31. Kxe4 {KP-KP} a5 32. h4 Kf7 33. g4 Kg7 34. Kf4 Kh6 35. e4 {[%cal Be2e4,Be4e5][%mdl 32] White mates.} Kg7 36. g5 Kf7 37. gxf6 Kxf6 38. e5+ Kf7 39. Kg5 {Precision: White = 72%, Black = 14%.} 1-0

[Event "Vasteras Open 2018"]
[Site "Vasteras"]
[Date "2018.09.28"]
[Round "1"]
[White "Johansson, Linus"]
[Black "Friebe, Jimmy"]
[Result "1-0"]
[WhiteElo "2461"]
[BlackElo "1948"]
[Annotator "TA"]
[PlyCount "87"]
[EventDate "2018.09.28"]
[EventCountry "SWE"]
[SourceTitle "playchess.com"]
[Source "ChessBase"]
[SourceQuality "1"]

{[%evp 12,87,8,-2,4,0,16,9,9,0,39,23,23,0,25,16,73,72,66,41,52,54,64,70,81,68,93,57,98,104,102,95,118,109,119,118,118,118,140,145,147,149,160,162,161,146,245,242,264,262,262,117,128,129,380,382,382,382,382,382,382,382,382,379,379,371,415,359,581,550,550,550,550,548,539,539,538,538]} 1. d4 d5 2. c4 e6 3. Nc3 c6 4. cxd5 exd5 5. Bf4 Bd6 6. Bg3 Nf6 7. e3 {LiveBook: 22 Games. D35: Queen's Gambit Declined: Exchange Variation} O-O 8. Bd3 b6 $146 ({Predecessor:} 8... Bg4 9. Qc2 Na6 10. Bxa6 bxa6 11. Bxd6 Qxd6 12. Nge2 Rab8 13. O-O {0-1 (13) Istratescu,A (2654)-Berzina,I (2292) Warsaw 2012}) 9. Qc2 {The position is equal.} Ba6 10. Nf3 Bb4 11. Ne5 Bxd3 12. Qxd3 Ne4 13. f3 Nd6 (13... Nxc3 $11 {remains equal.} 14. bxc3 Bd6) 14. O-O $1 $16 f6 15. Ng4 $36 {[%mdl 2048] White has good play.} Nc4 16. b3 Nd6 17. Ne2 {And now a3 would win.} Nf7 18. e4 Re8 19. Kh1 Nd7 {[#]} 20. exd5 $1 cxd5 21. Nf4 Nf8 22. Ne3 Rc8 23. Nexd5 Bd6 24. Rae1 Bxf4 25. Nxf4 Qd7 26. h3 Rcd8 27. Rxe8 Rxe8 28. Rd1 Ne6 {[#]} (28... Nh6 $16 {was worth a try.} 29. Bf2 Nf7) 29. Nxe6 $1 $18 Qxe6 30. d5 {[%cal Bd4d5,Bd5c6][%mdl 32]} Qd7 31. Qc4 (31. d6 $18 {is more deadly.}) 31... Nd6 $16 32. Qc6 Qxc6 $4 {[%mdl 8192]} (32... Rd8 $16 {might work better.}) 33. dxc6 {[%mdl 4096] Endgame KRB-KRN} Nc8 34. Rd7 Kf8 35. b4 {[%cal Bb3b4,Bb4b5][%mdl 32]} Re7 36. b5 Ke8 37. Rd4 Kf7 38. a4 Re2 39. Rd8 Ne7 $2 (39... Re8 {keeps fighting.} 40. Rd1 Re7) 40. Rd7 $18 {White is clearly winning.} Ke6 41. Rxa7 Rc2 42. Bc7 Nd5 43. Bd8 Rc1+ 44. Kh2 {Precision: White = 68%, Black = 36%.} 1-0

[Event "Vasteras Open 2018"]
[Site "Vasteras"]
[Date "2018.09.28"]
[Round "1"]
[White "Lindberg, Bengt"]
[Black "Andersson, Kjell-Ake"]
[Result "1-0"]
[WhiteElo "2406"]
[BlackElo "1940"]
[Annotator "NA"]
[PlyCount "43"]
[EventDate "2018.09.28"]
[EventCountry "SWE"]
[SourceTitle "playchess.com"]
[Source "ChessBase"]
[SourceQuality "1"]
[TimeControl "900+5"]

1. e4 {[%emt 0:00:00]} c6 {[%emt 0:00:05]} 2. d4 {[%emt 0:00:00]} d5 {[%emt 0:00:06]} 3. exd5 {[%emt 0:00:04]} cxd5 {[%emt 0:00:06]} 4. c4 {[%emt 0:00:04]} Nf6 {[%emt 0:00:41]} 5. Nc3 {[%emt 0:00:03]} e6 {[%emt 0:00:44]} 6. Nf3 {[%emt 0:00:06]} Be7 {[%emt 0:00:08]} 7. cxd5 {[%emt 0:00:03]} Nxd5 {[%emt 0:00:10]} 8. Bd3 {[%emt 0:00:05]} Nc6 {[%emt 0:00:47]} 9. O-O {[%emt 0:00:04]} O-O {[%emt 0:00:26]} 10. Re1 {[%emt 0:00:19]} Bf6 {[%emt 0:01:04]} 11. Be4 {[%emt 0:00:12]} Nce7 {[%emt 0:01:20]} 12. Ne5 {[%emt 0:00:24]} b6 {[%emt 0:01:53]} 13. Ng4 {[%emt 0:00:52]} Bb7 {[%emt 0:02:24]} 14. Nxf6+ {[%emt 0:00:38]} gxf6 {[%emt 0:00:06]} 15. Bh6 {[%emt 0:01:06]} f5 {[%emt 0:02:07]} 16. Bxf8 {[%emt 0:02:13]} Qxf8 {[%emt 0:00:15]} 17. Bf3 {[%emt 0:00:03]} Rc8 {[%emt 0:00:18]} 18. Rc1 {[%emt 0:00:16]} Nxc3 {[%emt 0:00:35]} 19. Rxc3 {[%emt 0:00:03]} Nd5 {[%emt 0:00:29]} 20. Rxc8 {[%emt 0:00:05]} Qxc8 {[%emt 0:00:08]} 21. Qd2 {[%emt 0:00:02]} Qd8 {[%emt 0:00:26]} 22. Qh6 {[%emt 0:00:32]} 1-0

[Event "Vasteras Open 2018"]
[Site "Vasteras"]
[Date "2018.09.28"]
[Round "1"]
[White "Krupenski, Juri"]
[Black "Kruuse, Peter"]
[Result "1-0"]
[WhiteElo "2402"]
[BlackElo "1923"]
[Annotator "NA"]
[PlyCount "61"]
[EventDate "2018.09.28"]
[EventCountry "SWE"]
[SourceTitle "playchess.com"]
[Source "ChessBase"]
[SourceQuality "1"]
[TimeControl "900+5"]

1. d4 {[%emt 0:00:01]} e6 {[%emt 0:00:00]} 2. e4 {[%emt 0:00:23]} d5 {[%emt 0:00:03]} 3. Nd2 {[%emt 0:00:04]} dxe4 {[%emt 0:00:11]} 4. Nxe4 {[%emt 0:00:02]} Nd7 {[%emt 0:00:01]} 5. Nf3 {[%emt 0:00:12]} Ngf6 {[%emt 0:00:01]} 6. Nxf6+ {[%emt 0:01:54]} Nxf6 {[%emt 0:00:03]} 7. Bd3 {[%emt 0:00:01]} c5 {[%emt 0:00:03]} 8. O-O {[%emt 0:00:07]} cxd4 {[%emt 0:00:11]} 9. Nxd4 {[%emt 0:00:05]} Be7 {[%emt 0:00:09]} 10. c3 {[%emt 0:00:48]} O-O {[%emt 0:00:04]} 11. Re1 {[%emt 0:00:11]} Bd7 {[%emt 0:00:07]} 12. Bf4 {[%emt 0:00:59]} Rc8 {[%emt 0:00:15]} 13. Qb3 {[%emt 0:00:44]} Bc6 {[%emt 0:00:12]} 14. Rad1 {[%emt 0:00:52]} Qd5 {[%emt 0:00:41]} 15. Nxc6 {[%emt 0:00:15]} Qxc6 {[%emt 0:00:09]} 16. h3 {[%emt 0:01:18]} Rfd8 {[%emt 0:00:02]} 17. Be2 {[%emt 0:00:47]} Rxd1 {[%emt 0:00:06]} 18. Rxd1 {[%emt 0:00:05]} Rd8 {[%emt 0:00:18]} 19. Rxd8+ {[%emt 0:00:23]} Bxd8 {[%emt 0:00:01]} 20. Bf3 {[%emt 0:00:04]} Qa6 {[%emt 0:06:59]} 21. Qxb7 {[%emt 0:03:05]} Qxb7 {[%emt 0:01:31]} 22. Bxb7 {[%emt 0:00:02]} Nd5 {[%emt 0:00:46]} 23. Bd2 {[%emt 0:00:11]} Bb6 {[%emt 0:00:36]} 24. Bxd5 {[%emt 0:00:02]} exd5 {[%emt 0:00:01]} 25. Be3 {[%emt 0:00:01]} Kf8 {[%emt 0:00:33]} 26. Bxb6 {[%emt 0:00:06]} axb6 {[%emt 0:00:01]} 27. Kf1 {[%emt 0:00:13]} Ke7 {[%emt 0:00:01]} 28. Ke2 {[%emt 0:00:00]} Kd6 {[%emt 0:00:01]} 29. Kd3 {[%emt 0:00:02]} Ke5 {[%emt 0:00:11]} 30. a4 {[%emt 0:00:03]} f5 {[%emt 0:00:04]} 31. b4 {[%emt 0:00:02]} 1-0

[Event "Vasteras Open 2018"]
[Site "Vasteras"]
[Date "2018.09.28"]
[Round "1"]
[White "Akesson, Ralf"]
[Black "Bjorkman, Filip"]
[Result "0-1"]
[WhiteElo "2372"]
[BlackElo "1904"]
[Annotator "TA"]
[PlyCount "100"]
[EventDate "2018.09.28"]
[EventCountry "SWE"]
[SourceTitle "playchess.com"]
[Source "ChessBase"]
[SourceQuality "1"]

{[%evp 16,100,50,40,31,27,12,0,14,0,1,0,38,56,51,-17,-18,-14,-2,-61,-7,-27,0,-56,-41,-75,0,0,0,0,0,0,49,51,66,0,0,0,0,-53,0,0,-7,0,0,-63,-110,-488,-364,-1030,-1036,-29977,-1192,-1043,-1031,-1002,-923,-981,-966,-1904,-636,-980,-462,-468,0,-869,0,-466,-450,-383,-358,-343,186,-6382,-6210,-6203,-1525,-6114,-6103,-29973,-29974,-29976,-29973,-29972,-29971,-29979,-29978]} 1. c4 c6 2. Nf3 Nf6 3. d4 d5 4. e3 {[%cal Be2e3,Be3e4,Be4e5][%mdl 32]} e6 5. Bd3 dxc4 6. Bxc4 b5 7. Bd3 Nbd7 8. O-O Bb7 9. e4 a6 {D30: Queen's Gambit Declined: Systems without Nc3} 10. e5 (10. a4 Be7 11. Bg5 h6 12. Bh4 Nh5 13. Bxe7 Qxe7 14. Re1 O-O 15. Nbd2 Rad8 16. Bf1 e5 17. axb5 cxb5 {½-½ (39) Ponomariov,R (2726)-Korobov,A (2678) Kiev 2012}) 10... Nd5 11. Bg5 Qc7 $146 {The position is equal.} ({Predecessor:} 11... Qb6 12. Nbd2 h6 13. Bh4 c5 14. Rc1 cxd4 15. Nb3 g5 16. Bg3 Be7 17. Nfxd4 {1-0 (51) Laxman,R (2424)-Shreyansh,D (2232) Bhopal 2013}) 12. Nbd2 h6 13. Bh4 g5 14. Bg3 c5 15. dxc5 (15. Ne4 $14) 15... Nxc5 $11 16. Rc1 Qb6 17. Bb1 (17. Ne4 $11) 17... Rd8 ({Black should play} 17... O-O-O $15) 18. Qe2 Be7 19. Ne4 (19. a3 $11) 19... Nxe4 $15 20. Bxe4 {[#]} h5 (20... g4 $1 $17 {[%cal Rg4f3]} 21. Nh4 Bg5 22. Qxg4 Ne3 23. fxe3 Qxe3+ 24. Kh1 Qxe4 25. Qxe4 Bxe4) 21. h3 $11 Rg8 22. Nd2 h4 23. Bh2 Nb4 24. a3 {Strongly threatening Bxb7.} Nc6 25. Rfd1 (25. Kh1 $14) 25... g4 $1 $36 {[%mdl 2048] Black has the initiative.} 26. hxg4 Nd4 27. Qf1 (27. Qe3 $11) 27... Rxg4 28. Bxb7 $1 Qxb7 29. f3 Rg6 {...Qb6 is the strong threat.} 30. Ne4 $1 h3 $1 {[%cal Rh3g2]} 31. g4 $2 {[%mdl 8192] [#]} (31. g3 $17) 31... Rxg4+ $1 $19 {[%mdl 512]} 32. fxg4 $2 (32. Bg3 Rxg3+ 33. Nxg3 Nxf3+ 34. Kf2 Rxd1 35. Qxd1 Nxe5 36. Qh1 Nd3+ 37. Ke3 Bg5+ 38. Kxd3 Qd7+ 39. Kc2 Bxc1 40. Ne4 Qc6+ 41. Kb1) 32... Qxe4 33. Bg3 Ne2+ (33... Nf3+ $142 34. Kf2 Nd2 35. Qh1 Qd4+ 36. Ke2 Qxg4+ 37. Kf2 Ne4+ 38. Qxe4 Qxe4 39. Rxd8+ Bxd8 40. Rc3 Bg5 41. Rc8+ Kd7 42. Rg8 Qg2+ 43. Ke1 Qxg3+ 44. Kf1 Qg2+ 45. Ke1 Qd2+ 46. Kf1 Be3 47. Rd8+ Kxd8 48. b4 Qf2#) 34. Kh2 Nxc1 35. Rxd8+ Kxd8 36. Kxh3 Ne2 {White must now prevent ...Qd3.} 37. Qxf7 Qh1+ 38. Bh2 Ng1+ (38... Nd4 $142 {Hoping for ...Nf3.} 39. Kg3 Qe1+ 40. Kg2 Qe2+ 41. Qf2 Qxg4+ 42. Bg3 Qe4+ 43. Kh3 Ke8) 39. Kg3 Ne2+ (39... Nf3 $142 40. Qxe6 Ne1 41. Qb6+ Ke8 42. Qg6+ Kd7) 40. Kh3 Ng1+ 41. Kg3 {intending Qf2.} Bh4+ 42. Kxh4 Qxh2+ 43. Kg5 Nf3+ $4 {[%mdl 8192]} (43... Qxb2 44. Qf8+ Kc7 45. Qd6+ Kb7 46. Kf6 $11) (43... Qxe5+ $19 {and life is good for Black.} 44. Kg6 Qe4+ 45. Kf6 Qf3+ 46. Kxe6 Qb3+ 47. Kf6 Qf3+ 48. Ke6 Qb3+ 49. Kf6 Qxb2+ 50. Kg5 Nh3+ 51. Kh6 Qd2+ 52. Kg7 Qg5+ 53. Kf8 Nf4 54. Qe8+ Kc7) 44. Kf6 $4 {[%mdl 8192]} (44. Qxf3 $18 Qxe5+ 45. Kg6 Qxb2 46. g5) 44... Qh6+ 45. Qg6 Qxg6+ 46. Kxg6 Nxe5+ 47. Kf6 Nxg4+ {Black mates.} 48. Kxe6 Kc7 49. Kd5 Kb6 50. b4 Ne3+ {Precision: White = 34%, Black = 44%.} 0-1

[Event "Vasteras Open 2018"]
[Site "Vasteras"]
[Date "2018.09.28"]
[Round "1"]
[White "Seo, Jung Min"]
[Black "Orell, Martin"]
[Result "1-0"]
[WhiteElo "2360"]
[BlackElo "1903"]
[Annotator "NA"]
[PlyCount "53"]
[EventDate "2018.09.28"]
[EventCountry "SWE"]
[SourceTitle "playchess.com"]
[Source "ChessBase"]
[SourceQuality "1"]
[TimeControl "900+5"]

1. e4 {[%emt 0:00:00]} g6 {[%emt 0:00:00]} 2. d4 {[%emt 0:00:00]} Bg7 {[%emt 0:00:03]} 3. Nc3 {[%emt 0:00:09]} d5 {[%emt 0:00:18]} 4. exd5 {[%emt 0:01:13]} Nf6 {[%emt 0:00:05]} 5. Bb5+ {[%emt 0:00:03]} Nbd7 {[%emt 0:00:05]} 6. Nge2 {[%emt 0:00:08]} O-O {[%emt 0:00:35]} 7. O-O {[%emt 0:00:05]} Nb6 {[%emt 0:00:08]} 8. Nf4 {[%emt 0:00:28]} Nbxd5 {[%emt 0:00:19]} 9. Ncxd5 {[%emt 0:00:02]} Nxd5 {[%emt 0:00:02]} 10. c3 {[%emt 0:00:03]} Bf5 {[%emt 0:00:47]} 11. Qf3 {[%emt 0:00:31]} c6 {[%emt 0:00:13]} 12. Bc4 {[%emt 0:00:10]} Nxf4 {[%emt 0:00:38]} 13. Bxf4 {[%emt 0:00:03]} Qd7 {[%emt 0:00:09]} 14. Rfe1 {[%emt 0:00:13]} Rfe8 {[%emt 0:01:32]} 15. h3 {[%emt 0:00:09]} h5 {[%emt 0:01:46]} 16. Be5 {[%emt 0:00:30]} Bxe5 {[%emt 0:01:43]} 17. Rxe5 {[%emt 0:00:01]} Kg7 {[%emt 0:00:36]} 18. Rae1 {[%emt 0:00:03]} Qd6 {[%emt 0:01:13]} 19. R5e3 {[%emt 0:00:39]} Rad8 {[%emt 0:00:15]} 20. g4 {[%emt 0:00:13]} hxg4 {[%emt 0:00:04]} 21. hxg4 {[%emt 0:00:01]} Be6 {[%emt 0:01:40]} 22. Bxe6 {[%emt 0:00:03]} fxe6 {[%emt 0:00:02]} 23. Rxe6 {[%emt 0:00:03]} Qd5 {[%emt 0:00:02]} 24. Rxe7+ {[%emt 0:00:11]} Rxe7 {[%emt 0:00:18]} 25. Rxe7+ {[%emt 0:00:01]} Kh6 {[%emt 0:00:03]} 26. Qf4+ {[%emt 0:00:22]} g5 {[%emt 0:00:08]} 27. Qf6# {[%emt 0:00:02]} 1-0

[Event "Vasteras Open 2018"]
[Site "Vasteras"]
[Date "2018.09.28"]
[Round "1"]
[White "Gajic, Zoran"]
[Black "Lokander, Martin"]
[Result "0-1"]
[WhiteElo "2267"]
[BlackElo "2384"]
[Annotator "NA"]
[PlyCount "70"]
[EventDate "2018.09.28"]
[EventCountry "SWE"]
[SourceTitle "playchess.com"]
[Source "ChessBase"]
[SourceQuality "1"]
[TimeControl "900+5"]

1. d4 {[%emt 0:00:00]} Nf6 {[%emt 0:00:00]} 2. Bg5 {[%emt 0:00:01]} c5 {[%emt 0:00:06]} 3. d5 {[%emt 0:00:05]} d6 {[%emt 0:00:08]} 4. Nc3 {[%emt 0:00:22]} Nbd7 {[%emt 0:00:14]} 5. e4 {[%emt 0:00:12]} g6 {[%emt 0:00:02]} 6. f4 {[%emt 0:00:16]} Bg7 {[%emt 0:00:13]} 7. Nf3 {[%emt 0:00:05]} Qa5 8. Bd3 {[%emt 0:01:18]} c4 {[%emt 0:01:23]} 9. Bxc4 {[%emt 0:01:17]} Nxe4 {[%emt 0:00:02]} 10. O-O {[%emt 0:00:53]} Qc5+ {[%emt 0:00:06]} 11. Kh1 {[%emt 0:00:14]} Nxc3 {[%emt 0:00:08]} 12. bxc3 {[%emt 0:00:09]} Qxc4 {[%emt 0:00:05]} 13. Re1 {[%emt 0:00:15]} Bf6 {[%emt 0:00:09]} 14. Rxe7+ {[%emt 0:00:29]} Bxe7 {[%emt 0:00:17]} 15. Qe1 {[%emt 0:00:02]} f6 {[%emt 0:00:15]} 16. Bh6 {[%emt 0:00:03]} Nc5 {[%emt 0:00:56]} 17. Bg7 {[%emt 0:00:29]} Rg8 {[%emt 0:00:00]} 18. Bxf6 {[%emt 0:00:01]} Qe4 {[%emt 0:00:01]} 19. Bxe7 {[%emt 0:00:11]} Kxe7 {[%emt 0:00:23]} 20. Qd2 {[%emt 0:00:02]} Kd8 {[%emt 0:00:32]} 21. Re1 {[%emt 0:00:25]} Qf5 {[%emt 0:00:05]} 22. Qe3 {[%emt 0:00:30]} Qf6 {[%emt 0:01:06]} 23. Nd4 {[%emt 0:01:45]} Bd7 {[%emt 0:00:05]} 24. f5 {[%emt 0:00:17]} gxf5 {[%emt 0:00:10]} 25. Rf1 {[%emt 0:00:16]} Kc7 {[%emt 0:00:12]} 26. c4 {[%emt 0:00:09]} Rae8 {[%emt 0:00:09]} 27. Qc3 {[%emt 0:00:06]} Ne4 {[%emt 0:00:17]} 28. Qa5+ {[%emt 0:00:05]} Kb8 {[%emt 0:00:02]} 29. Nc6+ {[%emt 0:00:24]} Bxc6 {[%emt 0:00:14]} 30. dxc6 {[%emt 0:00:00]} Nf2+ {[%emt 0:00:25]} 31. Kg1 {[%emt 0:00:11]} Nh3+ {[%emt 0:00:03]} 32. Kh1 {[%emt 0:00:02]} Nf2+ {[%emt 0:04:33]} 33. Kg1 {[%emt 0:00:07]} Ng4 {[%emt 0:00:16]} 34. c3 {[%emt 0:00:25]} Qe5 {[%emt 0:00:13]} 35. Rb1 {[%emt 0:01:35]} Qe1+ {[%emt 0:00:09]} 0-1

[Event "Vasteras Open 2018"]
[Site "Vasteras"]
[Date "2018.09.28"]
[Round "1"]
[White "Wernberg, Hugo"]
[Black "Hector, Jonny"]
[Result "0-1"]
[WhiteElo "1956"]
[BlackElo "2507"]
[Annotator "TA"]
[PlyCount "88"]
[EventDate "2018.09.28"]
[EventCountry "SWE"]
[SourceTitle "playchess.com"]
[Source "ChessBase"]
[SourceQuality "1"]

{[%evp 22,88,16,-8,9,-9,20,-18,23,14,21,1,20,0,21,14,45,-10,18,0,81,70,56,-12,0,0,0,0,43,41,43,41,38,26,28,20,23,0,0,0,2,-9,0,-22,-14,-15,-12,-20,-6,-20,-11,-19,-14,-42,-49,-85,-43,-47,0,0,8,8,106,0,0,0,47,-507,-250]} 1. e4 e5 2. Nf3 Nc6 3. Nc3 Nf6 4. d4 exd4 5. Nxd4 Bb4 6. Nxc6 bxc6 7. Bd3 d5 8. exd5 O-O 9. O-O cxd5 10. Bg5 c6 11. Qf3 Rb8 12. Ne2 {LiveBook: 24 Games. C47: Scotch Four Knights and Four Knights with 4 g3} Bd6 (12... Bg4 13. Bxf6 Bxf3 14. Bxd8 Bxe2 15. Bxe2 Rfxd8 16. Rfd1 g6 17. g3 Kg7 18. Rab1 Be7 19. b3 Bf6 {½-½ (30) Kravtsiv,M (2654)-Safarli,E (2667) Ankara 2018}) 13. b3 Be5 14. Rad1 {The position is equal.} ({But not} 14. Bxf6 Qxf6 15. Qxf6 Bxf6 $15) 14... Qd6 {White must now prevent ...Bg4.} 15. h3 Re8 $146 ({Predecessor:} 15... h6 16. Bc1 c5 17. Ng3 Qc7 18. Rfe1 Bd7 19. c4 d4 20. Rxe5 Qxe5 {0-1 (93) Sluka,R (2304)-Cherednichenko,E (2177) Tatranske Zruby 2013}) 16. Ng3 h6 17. Bc1 Bd7 18. Nf5 Qe6 19. Ng3 ({White should play} 19. Qe3 $14) 19... Bc7 20. Bf5 Qe5 (20... Qd6 $11 {remains equal.}) 21. Bxd7 $16 Nxd7 {[#]} 22. Qf5 ({Better is} 22. Bxh6 $1 $14 {[%mdl 512]} Nf6 (22... gxh6 23. Qg4+) 23. Bc1) 22... Nf6 23. Qxe5 Bxe5 24. Rfe1 Bc3 25. Rxe8+ Rxe8 26. Kf1 a5 {[%cal Ba7a5,Ba5a4][%mdl 32]} 27. Bd2 (27. Ne2 {seems wilder.} Be5 28. a4 c5 29. Bd2 Ra8 30. Re1) 27... Bxd2 28. Rxd2 $11 {[%mdl 4096] Endgame [#] KRN-KRN} a4 $1 {[%mdl 512]} 29. Re2 (29. bxa4 Ra8) 29... Ra8 30. f3 Kf8 31. Kf2 g6 32. Ke1 axb3 33. axb3 Ra1+ 34. Kd2 Rg1 35. Ke3 h5 36. Kf2 Rc1 37. Nf1 d4 38. Ng3 Nd5 39. Rd2 c5 40. Ne4 Ne3 41. Nxc5 Rf1+ {[#]} (41... Rxc2 $11 42. Rxc2 Nxc2) 42. Kg3 (42. Ke2 $1 $16) 42... g5 $1 43. h4 Rh1 44. Rxd4 $2 {[%mdl 8192]} (44. Kf2 $14 {was the only good move.}) 44... Nf5+ {Precision: White = 16%, Black = 35%.} 0-1

[Event "Vasteras Open 2018"]
[Site "Vasteras"]
[Date "2018.09.28"]
[Round "1"]
[White "Ranby, Hans"]
[Black "Cramling, Pia"]
[Result "0-1"]
[WhiteElo "1952"]
[BlackElo "2465"]
[Annotator "RC"]
[PlyCount "70"]
[EventDate "2018.09.28"]
[EventCountry "SWE"]
[SourceTitle "playchess.com"]
[Source "ChessBase"]
[SourceQuality "1"]
[TimeControl "900+5"]

1. Nf3 {[%emt 0:00:00]} Nf6 {[%emt 0:00:16]} 2. e3 {[%emt 0:00:02]} g6 {[%emt 0:00:09]} 3. b3 {[%emt 0:00:03]} Bg7 {[%emt 0:00:02]} 4. Bb2 {[%emt 0:00:02]} O-O {[%emt 0:00:03]} 5. c4 {[%emt 0:00:10]} c5 {[%emt 0:00:26]} 6. Be2 {[%emt 0:00:10]} d6 {[%emt 0:00:19]} 7. O-O {[%emt 0:00:16]} e5 {[%emt 0:00:07]} 8. d3 {[%emt 0:00:23]} Nc6 {[%emt 0:00:14]} 9. Nbd2 {[%emt 0:00:13]} b6 {[%emt 0:00:26]} 10. a3 {[%emt 0:00:50]} Re8 {[%emt 0:00:12]} 11. Qc2 {[%emt 0:00:03]} Bb7 {[%emt 0:00:18]} 12. Rad1 {[%emt 0:00:59]} d5 {[%emt 0:00:18]} 13. cxd5 {[%emt 0:00:34]} Nxd5 {[%emt 0:00:03]} 14. Nc4 {[%emt 0:00:46]} Rc8 {[%emt 0:00:24]} 15. Qb1 {[%emt 0:00:25]} Qe7 {[%emt 0:00:14]} 16. Qa1 {[%emt 0:01:14]} Rcd8 {[%emt 0:01:26]} 17. Rc1 {[%emt 0:00:53]} f5 {[%emt 0:01:01]} 18. Rfd1 {[%emt 0:01:07]} g5 {[%emt 0:01:27]} 19. Qa2 {[%emt 0:00:59]} g4 {[%emt 0:00:19]} 20. Ne1 {[%emt 0:00:19]} Kh8 {[%emt 0:00:13]} 21. Nc2 {[%emt 0:00:35]} Rd7 {[%emt 0:01:03]} 22. e4 {[%emt 0:00:51]} Nf4 {[%emt 0:00:20]} 23. Bf1 {[%emt 0:00:12]} Nd4 {[%emt 0:00:32]} 24. Nxd4 {[%emt 0:00:18]} exd4 {[%emt 0:00:10]} 25. exf5 {[%emt 0:00:37]} Qg5 {[%emt 0:00:18]} 26. Ba1 {[%emt 0:00:34]} Nh3+ {[%emt 0:00:31]} 27. Kh1 {[%emt 0:00:14]} Qxf5 {[%emt 0:00:04]} 28. Re1 {[%emt 0:00:33]} Rf8 {[%emt 0:00:24]} 29. Qd2 {[%emt 0:00:30]} Bh6 {[%emt 0:01:10]} 30. Qxh6 {[%emt 0:00:17]} Qxf2 {[%emt 0:00:04]} 31. Qxf8+ {[%emt 0:00:49]} Qxf8 {[%emt 0:00:02]} 32. Re2 {[%emt 0:00:16]} Re7 {[%emt 0:00:14]} 33. Ne5 {[%emt 0:00:27]} Rxe5 {[%emt 0:00:39]} 34. Rce1 {[%emt 0:00:30]} Rxe2 {[%emt 0:00:06]} 35. Bxe2 {[%emt 0:00:05]} Qf2 {[%emt 0:00:03]} 0-1